| 000 | 01026cam a2200253 i 4500 | ||
|---|---|---|---|
| 999 |
_c14341 _d14341 |
||
| 003 | OSt | ||
| 005 | 20260215130219.0 | ||
| 008 | 241203t20242024enka b 001 0 eng d | ||
| 020 |
_a9781350345362 _qhardcover |
||
| 042 | _alccopycat | ||
| 043 | _ae-uk--- | ||
| 050 | 0 | 0 |
_aPN2598.L577 _bB66 2024 |
| 082 | 0 | 4 |
_a720.92 _223 |
| 100 | 1 |
_aBonet Miró, Ana _eauthor. |
|
| 245 | 1 | 0 |
_aArchitecture, media, archives : _bthe Fun Palace of Joan Littlewood and Cedric Price as a cultural project / _cAna Bonet Miró. |
| 300 |
_axiv, 220 pages : _billustrations ; _c25 cm |
||
| 504 | _aIncludes bibliographical references (pages 199-214) and index. | ||
| 600 | 1 | 0 |
_aLittlewood, Joan _xCriticism and interpretation. |
| 600 | 1 | 0 |
_aPrice, Cedric _xCriticism and interpretation. |
| 650 | 0 |
_aTheater architecture _zGreat Britain _xHistory _y20th century. |
|
| 650 | 0 | _aAugmented reality. | |
| 776 | 0 | 8 |
_iElectronic version: _aMir̤, Ana Bonet. _tArchitecture, Media, Archives. _dBloomsbury UK 2024 _z9781350345379 _w(OCoLC)1451074598 |
| 942 | _2ddc | ||